Yunus Emre : (Record no. 15454)

MARC details
000 -BAŞLIK
Sabit Uzunlukta Kontrol Alanı 00843nam a22002657a 4500
999 ## - SİSTEM KONTROL NUMARALARI (KOHA)
Koha Biblionumber 15454
Koha Biblioitemnumber 15454
003 - KONTROL NUMARASI IDENTIFIER
Denetim Alanı MIRAKIL
005 - SON İŞLEM TARİHİ VE ZAMANI
Denetim Alanı 20240221114537.0
008 - SABİT-BOY VERİ ELEMANLARI - GENEL BİLGİLER
Sabit Uzunlukta Kontrol Alanı 240221b tu ||||| |||| 00| 0 tur d
020 ## - ULUSLARARASI STANDART KİTAP NUMARASI
Uluslararası Standart Kitap Numarası 9786057670700
040 ## - KATALOGLAMA KAYNAK
Orijinal Kataloglama Ajansı TR-AnCHP
Metne Dönüştürmek Ajansı TR-AnCHP
041 ## - DİL KODU
Metin / Ses Parça Veya Ayrı Başlığın Dil Kodu tur
082 ## - DEWEY ONLU SINIFLANDIRMA NUMARASI
Sınıflandırma Numarası 819.1092
Ürün Numarası T21y 2021
090 ## - SINIFLAMA NUMARASI
Sınıflama Numarası 819.1092 T21y 2021
100 1# - ANA GİRİŞ - KİŞİSEL İSİM
Kişisel Ad Tatcı, Mustafa
245 10 - BAŞLIK TABLOSU
Başlık Yunus Emre :
Başlığın Kalan menkıbeler ve minyatürlerle/
Sorumluluk Tablosu, Vb Mustafa Tatcı ; editör : Leyla İpekçi.
250 ## - EDITION TABLOSU
Baskı Beyanı 1. bs.
260 ## - YAYIN, DAĞITIM, VB
Yayın, Dağıtım, Vb Yeri İstanbul :
Yayıncı, Dağıtıcı, Vs Adı H Yayınları,
Yayın, Dağıtım, Vb Tarihi 2021.
300 ## - FİZİKSEL TANIM
Kapsam 64 sayfa :
Diğer Fiziksel Ayrıntıları resim ;
Boyutlar 24 cm.
490 0# - SERİSİ TABLOSU
Seri Beyanı H Yayınları ;
Hacim / Ardışık Tanımı 212.
650 #0 - KONU KATMA GİRİŞ - TOPİKAL DÖNEM
9 (RLIN) 7574
Topikal Süreli Veya Coğrafi Ad Giriş Elemanı Tasavvuf edebiyatı
650 #0 - KONU KATMA GİRİŞ - TOPİKAL DÖNEM
9 (RLIN) 7576
Topikal Süreli Veya Coğrafi Ad Giriş Elemanı Yunus Emre
650 #0 - KONU KATMA GİRİŞ - TOPİKAL DÖNEM
9 (RLIN) 7575
Topikal Süreli Veya Coğrafi Ad Giriş Elemanı Tasavvuf şiiri
856 ## - ELEKTRONİK YER VE ERİŞİM
Kamu Notu Dijital Nüshası için Partimizin Kütüphane Sorumlusu ile iletişime geçiniz.
942 ## - EKLENDİ GİRİŞ ELEMANLARI (KOHA)
Sınıflandırma Veya Raf Düzeni Kaynak Dewey Decimal Classification
Koha Öğesi Türü Books
Holdings
Kalıcı Konum Mevcut Konum Edinme Tarihi Toplam Check-Out'Lar Tam Çağrı Numarası Barkod Tarih Son Görülme İtibaren Geçerli Fiyatlar Koha Öğesi Türü
CHP Kütüphanesi CHP Kütüphanesi 02/21/2024   819.1092 T21y 2021 21095 02/21/2024 02/21/2024 Books